| 000 | 00675nam a22002177a 4500 | ||
|---|---|---|---|
| 999 |
_c174 _d174 |
||
| 003 | AR-CdUCM | ||
| 008 | 190222b ||||| |||| 00| 0 spa d | ||
| 040 |
_aMUNICIPALIDAD PROVINCIAL DEL CUSCO _cBIBLIOTECA MUNICIPAL DEL CUSCO |
||
| 082 |
_a869.562 / _bAL39 |
||
| 100 |
_aAlegría, Ciro _9807 |
||
| 245 |
_aMucha suerte con harto palo : _bmemorias / |
||
| 260 |
_aLima : _bEdiciones Varona, _c1978. |
||
| 300 |
_a188 páginas ; _c16.7 cm. |
||
| 500 | _aOrdenamiento y notas de Dora Varona. | ||
| 650 |
_aLiteratos peruanos _9808 |
||
| 650 |
_aCiro Alegría _9809 |
||
| 650 |
_aDiarios _9810 |
||
| 650 |
_aMemorias _9811 |
||
| 942 |
_2ddc _cLIBROS |
||
| 945 |
_alccs _d2019-02-22 |
||